Les Capitale de l'Europe.(mort-subite) - Statistiques

Statistiques générales
  • Ce quiz a été pris 315 fois
  • Le résultat moyen est 5 sur 6
Answers on the Grid
Answers color-coded by a green-red scale on the quiz's grid according to % correct below.
Paris
Lisbonne
Moscou
Tunis
Brasilia
Copenhague
Le Caire
Alger
Rome
Tripoli
Madrid
London
Tokyo
Pékin
Mexico
 
Statistiques - réponses
Réponse % Correct
Madrid
80%
Lisbonne
78%
Paris
78%
Rome
77%
Copenhague
72%
London
69%
Aucun quiz correspondant
Distribution des résultats
% des personnes avec chaque résultat
Percentile par nombre de réponses
Votre historique - résultats
Vous n’avez pas pris ce quiz